Begins and Ends: US Cities Quiz Stats

 Plays Quiz Updated Aug 4, 2017

Support Sporcle.
Go Orange.
Score 0/20 Timer 04:00
0 Plays Today
Begins and Ends City % Correct
K _ _ _ _ S    C _ _ YKansas City
96.5%
L _ _ G    B _ _ _ HLong Beach
93.1%
S _ _ _ T    P _ _ LSaint Paul
89.4%
O _ _ _ _ _ _ A    C _ _ YOklahoma City
88.2%
F _ _ T    W _ _ _ HFort Worth
88.1%
D _ _ _ _ _ TDetroit
83.8%
D _ _ _ _ SDallas
78.6%
B _ _ _ N    R _ _ _ EBaton Rouge
76.8%
J _ _ _ _ _ _ _ _ _ _ EJacksonville
72.4%
O _ _ _ AOmaha
66.7%
Begins and Ends City % Correct
N _ _ _ _ KNewark
62.6%
C _ _ _ _ S    C _ _ _ _ _ ICorpus Christi
61.1%
S _ N    B _ _ _ _ _ _ _ _ OSan Bernardino
59.3%
B _ _ _ EBoise
57%
C _ _ _ _ _ OChicago
55.1%
B _ _ _ _ _ _ _ _ MBirmingham
45.2%
C _ _ _ _ _ _ O    S _ _ _ _ _ SColorado Springs
44.5%
M _ _ _ _ _ SMemphis
36.8%
A _ _ _ _ _ _ _ _ _ EAlbuquerque
33.9%
L _ _ _ _ _ _ _ NLexington
31%

You're not logged in!

Compare scores with friends on all Sporcle quizzes.
OR
Log In
Forgot?

From the Vault

Which Letter Is Silent?

by survivor

Things in this quiz may be a little too quiet.
Remove Ads.
Support Sporcle.
Get the best of Sporcle when you Go Orange. This ad-free experience offers more features, more stats, and more fun while also helping to support Sporcle. Thank you for becoming a member.

Show Comments

Extras

Top Quizzes Today


Score Distribution

Your Account Isn't Verified!

In order to create a playlist on Sporcle, you need to verify the email address you used during registration. Go to your Sporcle Settings to finish the process.

Report this User

Report this user for behavior that violates our Community Guidelines.

Details: